Marvel Superheroes - Statistics

General Stats
  • This quiz has been taken 211 times
  • The average score is 25 of 30
Answer Stats
Powers Real Name Answer % Correct
Has spider like powers he can shoot webs out of his wrists Peter Parker Spider-Man
100%
Billonaire playboy part of the original Avengers has a super suit Tony Stark Iron Man
99%
Big green guy who likes to smash Bruce Banner The Hulk
99%
God of Thunder wields a hammer called Mjolnir N/A Thor
99%
First Avenger has a shield made out of Vibranium Steve Rogers Captain America
98%
Can shrink to a Ant's height Scott Lang Ant-Man
96%
King of Wakanda T'Challa Black Panther
94%
Specialist in Martial Arts wielding guns and batons Natasha Romanov Black Widow
94%
Talking tree N/A Groot
94%
A talking racoon with a rocket launcher N/A Rocket Raccoon
93%
Archer with no superpowers Clint Barton Hawkeye
91%
Has a Infinity Stone in his head N/A Vision
91%
Can manipulate people's minds Wanda Maximoff Scarlet Witch
90%
Has his own space ship called Milano Peter Quill Star-Lord
90%
Has the abilty to control any sorts of magic Stephen Strange Doctor Strange
89%
Wields a sword daughter of Thanos N/A Gamora
87%
Has regeneration abilities he is claimed to be a anti-hero Wade Wilson Deadpool
85%
Has wings which lets him fly friend of Cap Sam Wilson Falcon
85%
Twin brother of the above he has super speed Pietro Maximpff Quicksilver
85%
Specialist in Martial Arts he is blind Matt Murdock Daredevil
84%
Wields two knives big guy goes by the name Destroyer N/A Drax
84%
Can shrink and fly partner of Ant-Man Janet van Dynne Wasp
84%
She can absorb energy beams Carol Danvers Captain Marvel
81%
Controls the Chi lives in Kun Lun Danny Rand Iron Fist
64%
Has stretching abilities Kamala Khan Ms Marvel
61%
Is trained as a marine is great with all kinds of weapons Frank Castle the Punisher
60%
Has a unbreakable skin likes to wear yellow N/A Luke Cage
53%
Leads the Nova Corps Richard Rider Nova
49%
King of Attilan Blackager Boltagon Black Bolt
48%
Queen of Attilan N/A Medusa
33%
No matching quizzes found
Score Distribution
Percent of People with Each Score
Percentile by Number Answered
Your Score History
You have not taken this quiz